| 000 | 00652nam a22002057a 4500 | ||
|---|---|---|---|
| 005 | 20240110155737.0 | ||
| 010 | _aENG-118831 ENG-138845 | ||
| 020 |
_a9788191060775 _c695.00 |
||
| 035 | _aEN-102363 | ||
| 035 | _aEN-122377 | ||
| 037 | _bDBAD/PUB | ||
| 082 | _a327.12 | ||
| 100 |
_aKUMAR, UDAY _960846 |
||
| 245 |
_aIntelligence tradecraft / _cby Uday Kumar _ban art of trapping the enemies / |
||
| 260 |
_aNew Delhi _bLucky International _c2016 |
||
| 270 |
_aH-16/1922, Sangam Vihar _bNew Delhi _e110080 |
||
| 300 |
_a213p.: _c22cm(Hb) _bill |
||
| 500 | _aIncludes bibliographical reference | ||
| 942 |
_2ddc _cEN _h327.12 _mUDA |
||
| 999 |
_c141682 _d141682 |
||